| 000 | 01088 a2200337 4500 | ||
|---|---|---|---|
| 999 |
_c200419528 _d23801 |
||
| 001 | 200419528 | ||
| 003 | TR-AnTOB | ||
| 005 | 20260205111414.0 | ||
| 008 | 140512s tu 000 0 | ||
| 020 | _a9786056170201 | ||
| 040 |
_aTR-AnTOB _cTR-AnTOB |
||
| 041 | 0 | _atur | |
| 050 | 0 | 0 |
_aDS51.U83 _bB45 2006 |
| 090 | _aDS51.U83 B45 2006 | ||
| 100 | 1 |
_aÇal, Sedat _965485 |
|
| 245 | 1 | 0 |
_aBelgelerle Uşak : _bfermanlar-beratlar / _cDevlet Arşivleri Genel Müdürlüğü ; editör, Cevat Ekici. |
| 246 | _aUşak. | ||
| 264 |
_aUşak: _bUşak Üniversitesi, _c2006. |
||
| 300 |
_axvii, 458 s. : _bres. ; _c27 cm. |
||
| 336 |
_atext _2rdacontent _btxt |
||
| 337 |
_aunmediated _2rdamedia _bn |
||
| 338 |
_avolume _2rdacarrier _bnc |
||
| 490 | 0 |
_aUşak Üniversitesi Yayınları No ; _v1 |
|
| 650 | 0 | 0 |
_aArchives _zTurkey _zUşak _998777 |
| 651 | 0 |
_aUşak (Turkey) _xHistory _998779 |
|
| 651 | 0 |
_aUşak (Türkiye) _xTarih _998778 |
|
| 700 | 1 |
_aEkici, Cevat _963430 |
|
| 710 | 1 |
_aTürkiye. _bDevlet Arşivleri Genel Müdürlüğü _943310 |
|
| 942 |
_cBK _2lcc |
||